000 00751nam a2200253Ia 4500
003 OSt
005 20220918223427.0
006 a|||||r|||| 00| 0
007 ta
008 220917b |||||||| |||| 00| 0 eng d
024 _a222,473
037 _cTextual
040 _aARTS
_cARTS
_beng
041 _2eng
_aeng
082 _aW:(X62.1).6, P4-;1
100 _aHarrison Graham
_9145705
245 0 _aWorld bank and Africa
_b the construction of governance states
260 _aLondon
_bRoutledge
_c2004
300 _axiii, 162p
_ccm.
490 _aRoutledge advances in international political economy
650 _aPOLITICAL SCIENCE
942 _hW:(X62.1).6, P4-;1
_cTEXL
_2CC
999 _c278397
_d278397